书目信息 |
| 题名: |
2009年河北省公务员录用考试全真模拟预测试卷
|
|
| 作者: | 李永新 主编 | |
| 分册: | 申论 | |
| 出版信息: | 北京 人民日报出版社 2009 |
|
| 页数: | 324页 | |
| 开本: | 28cm | |
| 丛书名: | ||
| 单 册: | ||
| 中图分类: | D630.3-44 , D630.3 | |
| 科图分类: | ||
| 主题词: | 国家机关工作人员--中国--考核--试题 , 行政管理--能力倾向测验--中国--考核--试题 , 国家机关工作人员 , 行政管理 , 政治--中国 | |
| 电子资源: | ||
| ISBN: | 978-7-80208-733-0 | |
| 000 | 01076nam0 2200325 450 | |
| 001 | 1357168469 | |
| 005 | 20131009155348.06 | |
| 010 | @a978-7-80208-733-0@dCNY390.00(全套) | |
| 090 | @aD630@blyx | |
| 096 | @aD630@blyx | |
| 100 | @a20090507d2009 em y0chiy50 ea | |
| 101 | 0 | @achi |
| 102 | @aCN@b110000 | |
| 105 | @ay q 000yy | |
| 106 | @ar | |
| 200 | 1 | @a2009年河北省公务员录用考试全真模拟预测试卷@i申论@b专著@f李永新主编@g张永生[等]编著@A2009 nian he bei sheng gong wu yuan lu yong kao shi quan zhen mo ni yu ce shi juan |
| 210 | @a北京@c人民日报出版社@d2009 | |
| 215 | @a324页@d28cm | |
| 300 | @a河北省公务员录用考试专用教材 | |
| 517 | 1 | @a申论@Ashen lun |
| 606 | 0 | @a国家机关工作人员@y中国@x考核@x试题 |
| 606 | 0 | @a行政管理@x能力倾向测验@y中国@x考核@x试题 |
| 606 | 0 | @a国家机关工作人员 |
| 606 | 0 | @a行政管理 |
| 606 | 0 | @a政治@x中国 |
| 690 | @aD630.3-44@v4 | |
| 690 | @aD630.3@v4 | |
| 701 | 0 | @a李永新@c(公务员考试)@4主编@Ali yong xin |
| 801 | 0 | @aCN@b大连网信软件有限公司图书馆·11@c20131009 |
| 905 | @aZUCC@dD630.3@e179 | |
| 2009年河北省公务员录用考试全真模拟预测试卷.申论/李永新主编/张永生[等]编著.-北京:人民日报出版社,2009 |
| 324页;28cm |
| 河北省公务员录用考试专用教材 |
| ISBN 978-7-80208-733-0:CNY390.00(全套) |
| ● |
| 相关链接 |
|
|
|
|
正题名:2009年河北省公务员录用考试全真模拟预测试卷
索取号:D630.3/179
 
预约/预借
| 序号 | 登录号 | 条形码 | 馆藏地/架位号 | 状态 | 备注 |
| 1 | 0625827 | 206258271 | 第一样本阅览室/ [索取号:D630.3/179] | 在馆 |